| 000 | 00851nas a2200265Ia 4500 | ||
|---|---|---|---|
| 001 | A50/R027-3362 [r000000475] | ||
| 003 | IT-MiCISF | ||
| 008 | 161014c99999999xx |||||||||||| ||und|| | ||
| 040 |
_aIT-MiCISF _cIT-MiCISF |
||
| 041 | _aITALIANO | ||
| 100 | _aPiraino Leto Angelo | ||
| 210 | _aIl diritto di famiglia e delle persone | ||
| 222 | _aIl diritto di famiglia e delle persone | ||
| 245 | 0 | _aLe famiglie "difficili" | |
| 250 | _a1a ed. | ||
| 260 | _c1984 | ||
| 501 |
_bCISF - Centro Internazionale Studi Famiglia - Via Giotto, 36 20145 MILANO (non commercial uses only) _cCopyright 2016 |
||
| 300 | _app. 205-211 | ||
| 362 | _a1, gen-apr. [1984] | ||
| 500 | _a Tema: famiglia, famiglia-problematica, crisi-famiglia, separazione | ||
| 650 |
_aFAMIGLIA _vstudio |
||
| 700 | _aAA.VV. | ||
| 942 | _cCR | ||
| 957 | _71 | ||
| 999 |
_a3362 _bSi _g1 _c221663 _d221663 |
||